Something from nothing / (Record no. 4885)
[ view plain ]
| 000 -LEADER | |
|---|---|
| fixed length control field | 00838cam a2200241 a 4500 |
| 001 - CONTROL NUMBER | |
| control field | 245092 |
| 003 - CONTROL NUMBER IDENTIFIER | |
| control field | 0 |
| 005 - DATE AND TIME OF LATEST TRANSACTION | |
| control field | 20250421162120.0 |
| 008 - FIXED-LENGTH DATA ELEMENTS--GENERAL INFORMATION | |
| fixed length control field | 030320s1993 nyua j 000 0 eng |
| 010 ## - LIBRARY OF CONGRESS CONTROL NUMBER | |
| LC control number | 92037587 /AC/r94 |
| 020 ## - INTERNATIONAL STANDARD BOOK NUMBER | |
| International Standard Book Number | 0590472801 |
| 040 ## - CATALOGING SOURCE | |
| Original cataloging agency | DLC |
| Transcribing agency | DLC |
| Modifying agency | DLC |
| 050 00 - LIBRARY OF CONGRESS CALL NUMBER | |
| Classification number | PZ8.1.G445 |
| Item number | So 1993 |
| 082 00 - DEWEY DECIMAL CLASSIFICATION NUMBER | |
| Classification number | 398.21 |
| -- | E |
| Edition number | 20 |
| Item number | G487 |
| 100 1# - MAIN ENTRY--PERSONAL NAME | |
| Personal name | Gilman, Phoebe, |
| Dates associated with a name | 1940- |
| 245 10 - TITLE STATEMENT | |
| Title | Something from nothing / |
| Statement of responsibility, etc. | adapted from a Jewish folktale [by] Phoebe Gilman. |
| 260 ## - PUBLICATION, DISTRIBUTION, ETC. | |
| Place of publication, distribution, etc. | New York : |
| Name of publisher, distributor, etc. | Scholastic, |
| Date of publication, distribution, etc. | c1992. |
| 300 ## - PHYSICAL DESCRIPTION | |
| Extent | 27 p. : |
| Other physical details | col. ill. ; |
| Dimensions | 30 cm. |
| 520 ## - SUMMARY, ETC. | |
| Summary, etc. | In this retelling of a traditional Jewish folktale, Joseph's baby blanket is transformed into ever smaller items as he grows until there is nothing left--but then Joseph has an idea. |
| 650 #1 - SUBJECT ADDED ENTRY--TOPICAL TERM | |
| Topical term or geographic name entry element | Jews |
| General subdivision | Folklore. |
| 650 #1 - SUBJECT ADDED ENTRY--TOPICAL TERM | |
| Topical term or geographic name entry element | Folklore. |
| 942 ## - ADDED ENTRY ELEMENTS (KOHA) | |
| Source of classification or shelving scheme | |
| Koha item type | Books - Non Ficton |
No items available.